Vladimír Kokolia : kresby - grafiky - obrazy : 1981-1988 : Divadlo pracujících v Gottwaldově, 3. listopadu-11. prosince 1988 /

Hlavní autor: Kokolia, Vladimír, 1956-
Další autoři: Sedláček, Ivo, 1961-, Červenka, Rudolf, 1942-2021
Jazyk: Čeština
Vydáno: Gottwaldov : Oblastní galerie výtvarného umění, 1988
Témata:
Fyzický popis: 1 svazek (nestránkováno), obrazová příloha : ilustrace ; 20 cm
Knihy
Uloženo v:
LEADER 01433nam a22003372i 4500
001 001536491
003 CZ BrMZK
005 20161202134118.0
007 ta
008 160721s1988 xr af er|||||||||||cze d
015 |a cnb000043055 
035 |a (OCoLC)39427808 
040 |a ABA001  |b cze  |d ABA001  |d BOA001  |e rda 
080 9 |a 75.071.1Kokolia,V. 
080 9 |a 76.071.1Kokolia,V. 
100 1 |a Kokolia, Vladimír,  |d 1956-  |7 jn19981001640  |4 art 
245 1 0 |a Vladimír Kokolia :  |b kresby - grafiky - obrazy : 1981-1988 : Divadlo pracujících v Gottwaldově, 3. listopadu-11. prosince 1988 /  |c autor katalogu Ivo Sedláček ; fotografie Rudolf Červenka 
264 1 |a Gottwaldov :  |b Oblastní galerie výtvarného umění,  |c 1988 
300 |a 1 svazek (nestránkováno), obrazová příloha :  |b ilustrace ;  |c 20 cm 
336 |a text  |b txt  |2 rdacontent 
337 |a bez média  |b n  |2 rdamedia 
338 |a svazek  |b nc  |2 rdacarrier 
600 1 7 |a Kokolia, Vladimír,  |d 1956-  |7 jn19981001640  |2 czenas 
655 7 |a katalogy výstav  |7 fd132536  |2 czenas 
700 1 |a Sedláček, Ivo,  |d 1961-  |7 jn20000728592  |4 aut 
700 1 |a Červenka, Rudolf,  |d 1942-2021  |7 jn19981002652  |4 pht 
910 |a BOA001  |b X-0936.280 
990 |a BK 
991 |b 201605 
996 6 |b 2619167904  |c X-0936.280  |l MZK  |r Sklad / do 24 hodin  |n 0  |w 001571405  |u 000020  |a 1  |e BOA001  |j MZK50  |s P 
996 7 |b 2619167905  |c X-0936.280  |l MZK  |r Sklad / do 24 hodin  |n 0  |w 001571405  |u 000010  |a 1  |e BOA001  |j MZK50  |s A